| 000 | 01152nam a2200277Ia 4500 | ||
|---|---|---|---|
| 999 |
_c5331 _d5331 |
||
| 003 | OSt | ||
| 005 | 20200606181141.0 | ||
| 008 | 191128s2003 sp fr 001 0 spa d | ||
| 020 | _a843750564X | ||
| 040 |
_aCO-JMCR _cCO-JMCR |
||
| 041 | 0 | _aspa | |
| 082 | 0 | 4 |
_a330.01 / _bM357o _223 |
| 100 | 1 |
_aMarqués, Gustavo, _eeditor _94908 |
|
| 245 | 1 | 0 |
_aObjetividad, realismo y retórica : _bnuevas perspectivas en metodología de la economía / _cGustavo Marqués, Alfonso Ávila y Wenceslao J. González editores |
| 250 | _aPrimera edición | ||
| 260 |
_aMadrid : _bFondo de Cultura Económica : Universidad Autónoma de Madrid : Universidad Nacional de Educación a Distancia, _c2003 |
||
| 300 |
_a236 páginas ; _c21 cm. |
||
| 490 | 0 | _aEconomía contemporánea | |
| 500 | _aIncluye índice de nombres | ||
| 505 | 0 | _aValores y objetividad -- Realismo y retórica -- Modelos económicos -- Estadística y contabilidad | |
| 650 | 1 | 4 |
_aEconomía política _xfilosofía _95138 |
| 650 | 1 | 4 |
_aEconomía política _xmetodología _95139 |
| 700 | 1 |
_aÁvila, Alfonso, _eeditor _94904 |
|
| 700 | 1 |
_aGonzález, Wenceslao J., _eeditor _94907 |
|
| 942 |
_2ddc _cBK |
||